000 00451cam a2200157ua 4500
003 OSt
008 250804b |||||||| |||| 00| 0 eng d
020 _a9780137119950
041 _aeng
082 _a519.25
_bDOU/PR
100 _aDougherty, Edward R .
_97679
245 _aProbability and statistics for the engineering, computing, and physical sciences /
260 _aNew Jersey :
_bPrentice Hall Inc ,
_c1990.
300 _a800 ; .
942 _cBK
999 _c12094
_d12094